Einführung in Theorie und Anwendung der Laplace-Transformation : ein Lehrbuch für Studierende der Mathematik, Physik und Ingenieurwissenschaft /
Guardado en:
| Autor Principal: | |
|---|---|
| Formato: | Libro |
| Idioma: | German |
| Publicado: |
Basel :
Birkhäuser,
1958.
|
| Series: | Lehrbücher und Monographien aus dem Gebiete der exakten Wissenschaften. Mathematische Reihe ;
Bd. 24 |
| Etiquetas: |
Agregar Etiqueta
Sin Etiquetas, Sea el primero en etiquetar este registro!
|
| LEADER | 00701nam a22001695a 4500 | ||
|---|---|---|---|
| 001 | MAT.inmabb001562 | ||
| 008 | 031124s1958####sz############000#0#ger#d | ||
| 005 | 20130320095454.0 | ||
| 245 | 1 | 0 | |a Einführung in Theorie und Anwendung der Laplace-Transformation : |b ein Lehrbuch für Studierende der Mathematik, Physik und Ingenieurwissenschaft / |c von Gustav Doetsch. |
| 260 | |a Basel : |b Birkhäuser, |c 1958. | ||
| 300 | |a 301 p. ; |c 25 cm. | ||
| 440 | 0 | |a Lehrbücher und Monographien aus dem Gebiete der exakten Wissenschaften. |p Mathematische Reihe ; |v Bd. 24 | |
| 510 | 4 | |a MR, |c 21 #5861 | |
| 100 | 1 | |a Doetsch, Gustav, |d 1892- | |
| 084 | |a 44A10 |2 msc2000 | ||
| 010 | |a 59026955 | ||
| 859 | |h 44 |i D653e |p A-1941 |b BIB. MATEMATICA | ||
